| 000 | 01164cam a22003134a 4500 | ||
|---|---|---|---|
| 999 |
_c531976 _d531976 |
||
| 001 | 13641615 | ||
| 003 | NUST | ||
| 005 | 20191105120100.0 | ||
| 008 | 040630s2005 njua b 001 0 eng | ||
| 010 | _a 2004015326 | ||
| 020 | _a0131148702 | ||
| 038 | _aMSOHAIL | ||
| 040 |
_aDLC _cDLC _dDLC |
||
| 042 | _apcc | ||
| 050 | 0 | 0 |
_aTH438.4 _b.W43 2005 |
| 082 | 0 | 0 |
_a690.0685 _222 |
| 100 | 1 |
_aWeber, Sandra Christensen. _925203 |
|
| 245 | 1 | 0 |
_aScheduling construction projects : _bprinciples and practices / _cSandra Christensen Weber. |
| 260 |
_aUpper Saddle River, N.J. : _bPearson Prentice Hall, _cc2005. |
||
| 300 |
_a333 p. : _bill. ; _c25 cm. |
||
| 504 | _aIncludes bibliographical references (p. 9) and index. | ||
| 650 | 0 |
_aConstruction industry _xManagement. _9806 |
|
| 650 | 0 |
_aBuilding _xSuperintendence. _919468 |
|
| 650 | 0 |
_aProduction scheduling. _919469 |
|
| 856 | 4 | 1 |
_3Table of contents _uhttp://www.loc.gov/catdir/toc/ecip0419/2004015326.html |
| 906 |
_a7 _bcbc _corignew _d1 _eecip _f20 _gy-gencatlg |
||
| 942 |
_2ddc _cBK |
||